Stolovanie pre 2. ročník odborných učilíšť a učňovských škôl : učebný odbor čašník - 1552 /
Uložené v:
| Hlavní autori: | , , |
|---|---|
| Médium: | Kniha |
| Jazyk: | Slovak Czech |
| Vydané: |
Bratislava :
Slovenské pedagogické nakladateľstvo,
1966.
|
| Vydanie: | 4. vyd. |
| ISBN: |
(viaz.) |
| Fyzický popis: |
101 s. |
| Tagy: |
Pridať tag
Žiadne tagy, Buďte prvý kto otaguje tento záznam!
|
Titul je dostupný aj v ... 

MARC
| LEADER | 00000nam a2200000 a 4500 | ||
|---|---|---|---|
| 001 | 000160310 | ||
| 005 | 20100722214825.0 | ||
| 008 | 040101s1966 xo e slood | ||
| 020 | |a (viaz.) | ||
| 040 | |a SVKKK |b slo |c SVKKK |e AACR2 | ||
| 041 | 1 | |a slo |h cze | |
| 044 | |a xo |c SK | ||
| 100 | 1 | |a Fibiger, Alfred. |4 aut | |
| 245 | 1 | 0 | |a Stolovanie pre 2. ročník odborných učilíšť a učňovských škôl : |b učebný odbor čašník - 1552 / |c Alfred Fibiger, Antonín Luka, Leoš Štokman. |
| 250 | |a 4. vyd. | ||
| 260 | |a Bratislava : |b Slovenské pedagogické nakladateľstvo, |c 1966. | ||
| 300 | |a 101 s. | ||
| 700 | 1 | |a Luka, Antonín. |4 aut | |
| 700 | 1 | |a Štokman, Leoš |4 aut | |
| 910 | |a svkkk | ||
| 998 | |a BK | ||
| 090 | |g SCKHL |k Sklad Pribinova 2. posch. |a II.163255 |j 411360 |i 2720086999 |s Absenčne | ||